000 00260nam a2200085Ia 4500
245 0 _aTuinmaak in Suid-Afrika deur die jaar
100 _a Alexander, Marianne Kaapstad, Suid-Afrika, 2009
_977457
942 _cBK
008 210817s9999 xx 000 0 und d
999 _c264618
_d264617